Statistics for Website Addresses by Country

Click here to take the quiz!

General Stats

  • This quiz has been taken 127 times
  • The average score is 17 of 20

Answer Stats

CountryWeb Address% Correct
Australia.au
100%
Brazil.br
100%
Canada.ca
100%
Egypt.eg
100%
Italy.it
100%
New Zealand.nz
100%
United Kingdom.uk
100%
Mexico.mx
99%
Russia.ru
99%
Argentina.ar
98%
Germany.de
97%
Japan.jp
97%
Spain.es
93%
Portugal.pt
93%
Denmark.dk
89%
China.cn
86%
United States.com
77%
South Korea.kr
52%
Croatia.hr
50%
North Korea.kp
17%

Score Distribution

Percentile by Number Answered

Percent of People with Each Score

Your Score History

You have not taken this quiz